Statistiken für Updated: Fünf größte Städte nach Ländern

Klicken Sie hier um das Quiz zu spielen!

Allgemein

  • Dieses Quiz wurde 603 mal gespielt
    (518 seit der letzten Aktualisierung)
  • Das Durchschnittsergebnis liegt bei 35 aus 50

Antwortstatistiken

HinAntwort% Korrekt
DeutschlandBerlin
100%
DeutschlandHamburg
99%
RusslandMoskau
99%
DeutschlandMünchen
99%
DeutschlandKöln
98%
Vereinigtes KönigreichLondon
98%
ItalienRom
97%
JapanTokio
97%
MexikoMexiko-Stadt
96%
RusslandSankt Petersburg
96%
DeutschlandFrankfurt am Main
95%
SpanienMadrid
95%
ItalienMailand
95%
SpanienBarcelona
94%
AustralienSydney
94%
ChinaPeking
93%
BrasilienRio de Janeiro
93%
ItalienNeapel
91%
Vereinigtes KönigreichManchester
90%
BrasilienBrasilia
87%
AustralienMelbourne
87%
BrasilienSão Paulo
87%
Vereinigtes KönigreichBirmingham
84%
Vereinigtes KönigreichLiverpool
84%
ChinaShanghai
83%
ItalienTurin
81%
SpanienValencia
78%
AustralienPerth
76%
SpanienSevilla
75%
JapanOsaka
74%
AustralienBrisbane
66%
Vereinigtes KönigreichLeeds
63%
ItalienPalermo
63%
AustralienAdelaide
58%
ChinaGuangzhou / Shenzhen
58%
BrasilienBelo Horizonte
56%
MexikoGuadalajara
44%
RusslandJekaterinburg
37%
JapanSapporo
33%
RusslandNowosibirsk
32%
SpanienSaragossa
32%
JapanNagoya
31%
MexikoMonterrey
30%
RusslandNischni Nowgorod
30%
BrasilienPorto Alegre
25%
ChinaTianjin
24%
ChinaXiamen
22%
MexikoPuebla
16%
JapanFukuoka
15%
MexikoToluca
6%

Verteilung der Resultate

Perzentil nach korrekt beantworteten Fragen

Anzahl Personen mit jedem Resultat

Ihre Resultats-Entwicklung

Sie haben dieses Quiz seit der letzten Aktualisierung nicht gespielt